[Event "45th Olympiad 2024"]
[Site "Budapest HUN"]
[Date "2024.09.18"]
[Round "7.43"]
[Board "2"]
[White "Ondozi, Murtez"]
[Black "Zozek Salah Mohammed"]
[Result "0-1"]
[WhiteElo "2371"]
[BlackElo "2180"]
[PlyCount "94"]
[EventDate "2024.09.11"]
[WhiteTeam "Kosovo"]
[BlackTeam "Iraq"]
[WhiteTeamCountry "KOS"]
[BlackTeamCountry "IRQ"]

1. d4 d5 2. Nf3 Nf6 3. c4 e6 4. Nc3 Be7 5. Bg5 h6 6. Bh4 O-O 7. e3 b6 8. Bd3 Bb7 9. O-O Nbd7 10. cxd5 exd5 11. Bxf6 ({RR} 11. Re1 Ne4 12. Bxe7 Qxe7 13. Qc2 c5 14. dxc5 bxc5 15. Bxe4 dxe4 16. Nd2 Rac8 17. Ndxe4 c4 18. Rad1 Ne5 19. Nd6 Rb8 20. Nxb7 Qxb7 21. Rd2 Nd3 22. Rb1 Rfc8 23. b3 Qa6 24. bxc4 Nb4 25. Qe4 Rxc4 {0-1 Cao,Y-Ginzburg,I (2020) World Corporate East D rapid 2021 (2.4)}) 11... Nxf6 12. Ne5 c5 13. Qf3 $146 ({RR} 13. Re1 Bd6 14. Nf3 Re8 15. Rc1 c4 16. Bf5 a6 17. e4 dxe4 18. Nd2 Bf4 19. Ne2 Bg5 20. Rc2 b5 21. Nf1 Nd5 22. Neg3 Nb4 23. Rc3 Nxa2 24. Ra3 Nb4 25. Bxe4 Bxe4 26. Rxe4 Qb6 27. Qe1 Rxe4 {0-1 Murin,P (1910)-Nahalka,J (2060) SVK-ch Prievidza 1998 (2.49)}) 13... Bd6 14. Qh3 Bxe5 15. dxe5 Ne4 16. Nxe4 dxe4 17. Bc4 Qe7 18. Qf5 Rad8 19. Rfd1 Bc6 20. Qf4 b5 21. Bb3 c4 22. Bc2 Rxd1+ 23. Rxd1 Rd8 24. Rxd8+ Qxd8 25. h4 Qd5 26. a3 a5 27. e6 Qxe6 28. Qb8+ Kh7 29. Qd8 Qf6 30. Qxf6 gxf6 31. Kh2 Kg6 32. Kg3 Kf5 33. f3 b4 34. axb4 axb4 35. b3 cxb3 36. Bxb3 exf3 37. gxf3 Ke5 38. Bc2 f5 39. Kf2 f4 40. Ke2 Bb5+ 41. Kd2 f5 42. e4 fxe4 43. Bxe4 Kd4 44. Kc2 Bc4 45. Kb2 Bd5 46. Bxd5 Kxd5 47. Kb3 Kd4 0-1

[Event "45th Olympiad 2024"]
[Site "Budapest HUN"]
[Date "2024.09.18"]
[Round "7.43"]
[Board "3"]
[White "Salih, Akar Ali Salih"]
[Black "Uruci, Endrit"]
[Result "0-1"]
[WhiteElo "2174"]
[BlackElo "2348"]
[PlyCount "74"]
[EventDate "2024.09.11"]
[WhiteTeam "Iraq"]
[BlackTeam "Kosovo"]
[WhiteTeamCountry "IRQ"]
[BlackTeamCountry "KOS"]

1. e4 c6 2. d4 d5 3. e5 c5 4. dxc5 e6 5. a3 Nc6 6. Nf3 Bxc5 7. b4 Bb6 8. Bb2 f6 9. Nbd2 fxe5 10. Nxe5 Nf6 11. Bd3 ({RR} 11. c4 O-O 12. Bd3 Nxe5 13. Bxe5 Bxf2+ 14. Kf1 Bb6 15. Nf3 Ng4 16. Qe2 Qh4 17. c5 Nxe5 18. Qxe5 Bd8 19. Re1 Qf6 20. Qh5 g6 21. Qh6 e5 22. Ke2 e4 23. Ng5 exd3+ 24. Kxd3 Bf5+ 25. Kd2 Qxg5+ {0-1 Rose,F (2091)-Llari,M (2176) Titled Tue 21st May Early 2024 (3)}) 11... Qd6 $146 ({RR} 11... Nxe5 12. Bxe5 Bc7 13. Qe2 O-O 14. O-O Bxe5 15. Qxe5 Bd7 16. Nf3 Rc8 17. Qd4 Qc7 18. Rfe1 a6 19. Qh4 Rce8 20. c4 b5 21. cxb5 Bxb5 22. Rac1 Qd6 23. Bxb5 axb5 24. Nd4 Ne4 {½-½ Filip,A (2324)-Sanz Wawer,D (2289) Satu Mare Szabo Memorial 2022 (3)}) ({RR} 11... O-O 12. O-O Bd7 13. Ndf3 Be8 14. Qe2 Nxe5 15. Qxe5 Bf7 16. Ng5 Bc7 17. Bxh7+ Kh8 18. Nxf7+ Rxf7 19. Qxe6 Re7 20. Bxf6 gxf6 21. Qxf6+ Kxh7 22. Rad1 Kg8 23. Qg6+ Kh8 24. Rd4 Rh7 25. g3 Bb6 26. Rf4 {½-½ Cafasso,E (2024)-Turdyev,A (2393) AUT-chT2W 2223 2022 (3.2)}) 12. Ndf3 O-O 13. Nc4 Bxf2+ 14. Kxf2 dxc4 15. Bxc4 Qf4 16. Qe2 Ng4+ 17. Ke1 Ne3 18. Bb3 b6 19. Rg1 Bb7 20. Bc1 Qf6 21. Rb1 Nd5 22. Bb2 Qh6 23. g3 Nce7 24. Bc1 Qf6 25. Ng5 Nc3 26. Qxe6+ Kh8 27. Qxf6 gxf6 28. Nf7+ Rxf7 29. Bxf7 Nxb1 30. Bb2 Nd5 31. Bxd5 Bxd5 32. Ke2 Ba2 33. Bxf6+ Kg8 34. Kd3 Rf8 35. Bg5 Rf3+ 36. Be3 Nxa3 37. Ke2 Rf7 0-1

[Event "45th Olympiad 2024"]
[Site "Budapest HUN"]
[Date "2024.09.18"]
[Round "7.43"]
[Board "4"]
[White "Asllani, Muhamet"]
[Black "Alothman, Ali Layth Ahmed"]
[Result "0-1"]
[WhiteElo "2191"]
[BlackElo "2161"]
[PlyCount "48"]
[EventDate "2024.09.11"]
[WhiteTeam "Kosovo"]
[BlackTeam "Iraq"]
[WhiteTeamCountry "KOS"]
[BlackTeamCountry "IRQ"]

1. d4 Nf6 2. Nf3 e6 3. c4 d5 4. Nc3 h6 5. Bf4 Bd6 6. Ne5 ({RR} 6. Bg3 O-O 7. e3 c5 8. cxd5 Bxg3 9. hxg3 cxd4 10. Qxd4 exd5 11. Bb5 Nc6 12. Bxc6 bxc6 13. O-O Re8 14. Rac1 Bg4 15. Nd2 Qb6 16. Nb3 Qxd4 17. Nxd4 c5 18. Nb3 Rab8 19. Nxc5 Rxb2 20. f3 Bf5 {0-1 Radjabov,T (2765)-Carlsen,M (2847) FTX Crypto Cup KO rapid 2021 (2.21)}) 6... O-O ({RR} 6... c6 7. e3 O-O 8. Be2 Bc7 9. g4 Nbd7 10. h4 Nxe5 11. Bxe5 Bxe5 12. dxe5 Ne4 13. Nxe4 dxe4 14. Qc2 Qa5+ 15. Qc3 Qxc3+ 16. bxc3 c5 17. g5 hxg5 18. hxg5 g6 19. O-O-O Kg7 20. Rh4 Rh8 21. Rxe4 {1-0 Asllani,M (2172)-Sahiti,J (1993) KOS Cup Pristina 2020 (2.3)}) 7. e3 c5 8. g4 $146 ({RR} 8. cxd5 exd5 9. Nb5 Be7 10. dxc5 Bxc5 11. a3 a6 12. Nd4 Nbd7 13. Nd3 Bxd4 14. exd4 Qb6 15. Be3 Nb8 16. Be2 Nc6 17. Nc5 Bf5 18. b4 a5 19. b5 Ne7 20. O-O Nc8 21. Bf4 Nd7 22. Rc1 Nd6 {1-0 Tsaruk,M (2484)-Shkuratov,V (2200) MSU Cup 2024 (6.1)}) ({RR} 8. Be2 cxd4 9. exd4 dxc4 10. Bf3 Nc6 11. O-O a6 12. Re1 Nd5 13. Nxd5 exd5 14. Bxd5 Nxe5 15. dxe5 Bb4 16. Re3 Be6 17. Bxe6 Qxd1+ 18. Rxd1 fxe6 19. Bg3 Rad8 20. Rb1 Rd2 21. Kf1 Bc5 22. Re2 Rfd8 {0-1 Lacey,P (2184)-Pinheiro,I (2306) Titled Tue 7th Mar Late 2023 (6)}) ({RR} 8. Be2 Nc6 9. O-O cxd4 10. exd4 dxc4 11. Nxc6 bxc6 12. Be5 Nd5 13. Ne4 Bxe5 14. dxe5 Rb8 15. Bxc4 Rxb2 16. Bb3 Nf4 17. Qf3 Ne2+ 18. Kh1 Qd4 19. Rad1 Qxe5 20. Qe3 Ba6 21. Rfe1 Nf4 22. Nc5 Qxe3 {½-½ Odegov,A (2286)-Urazayev,A (2438) Titled Tuesday intern op 25th Jan blitz 2022 (2)}) 8... cxd4 9. exd4 Nc6 10. g5 hxg5 11. Nxc6 bxc6 12. Bxg5 e5 13. cxd5 exd4 14. Qxd4 Re8+ 15. Be2 Be5 16. Qd3 Rb8 17. O-O Rxb2 18. Bf3 Qd6 19. h4 cxd5 20. Nxd5 Nxd5 21. Qxd5 Qb8 22. Rfe1 Bb7 23. Qd3 Bh2+ 24. Kf1 Rxf2+ 0-1

[Event "45th Olympiad 2024"]
[Site "Budapest HUN"]
[Date "2024.09.18"]
[Round "7.44"]
[Board "1"]
[White "Atabayev, Saparmyrat"]
[Black "Christie, Joshua"]
[Result "1/2-1/2"]
[WhiteElo "2516"]
[BlackElo "2271"]
[PlyCount "75"]
[EventDate "2024.09.11"]
[WhiteTeam "Turkmenistan"]
[BlackTeam "Jamaica"]
[WhiteTeamCountry "TKM"]
[BlackTeamCountry "JAM"]

1. d4 Nf6 2. c4 e6 3. g3 Bb4+ 4. Bd2 Qe7 5. Bg2 O-O 6. Nf3 Bxd2+ 7. Qxd2 d6 8. Nc3 Re8 9. O-O e5 10. Rac1 ({RR} 10. h3 e4 11. Ne1 Nbd7 12. Nc2 Nf8 13. Ne3 c6 14. Rae1 Nh5 15. Nxe4 f5 16. Nc3 f4 17. Ng4 fxg3 18. fxg3 Nxg3 19. Rf3 Nf5 20. Ref1 h5 21. Nh2 Ne3 22. R1f2 Nxc4 23. Qc1 Ne3 24. Nf1 Nxf1 {0-1 Melkumyan,H (2654)-Horvath,A (2528) Zalakaros op 34th 2015 (8)}) ({RR} 10. h3 e4 11. Ng5 Bf5 12. g4 Bg6 13. f4 exf3 14. exf3 h6 15. f4 Nc6 16. f5 Bh7 17. Nxh7 Kxh7 18. Nd5 Qd8 19. g5 hxg5 20. Qxg5 Nxd5 21. Qh5+ Kg8 22. cxd5 Nxd4 23. f6 Ne2+ 24. Kh2 Re5 {1-0 Yanayt,E (2100)-Christie,J (2271) Nashville Summer Classic 2024 (2.7)}) 10... Nc6 ({RR} 10... e4 11. Ne1 c6 12. Nc2 Na6 13. Ne3 Nc7 14. Rfe1 d5 15. cxd5 cxd5 16. f3 exf3 17. exf3 Qd6 18. a3 Bd7 19. Ne2 g6 20. Nf4 Ne6 21. Nxe6 Rxe6 22. Bf1 Rae8 23. Ng2 {½-½ Li,E (2351)-Vertetics,A (2438) National Open 2024 (8.27)}) 11. d5 $146 ({RR} 11. Nd5 Qd8 12. Nxf6+ Qxf6 13. d5 Nb8 14. c5 dxc5 15. Rxc5 c6 16. Rfc1 Nd7 17. R5c3 cxd5 18. Qxd5 Nb6 19. Qe4 Rb8 20. g4 Bd7 21. h4 Bc6 22. Rxc6 bxc6 23. Rxc6 Qe7 24. Ng5 g6 25. Qf3 Kg7 {0-1 Vih,A (2201)-Vlatkovic,M (2278) MNT-chT Cetinje 2010 (5)}) 11... Nb8 12. e4 a5 13. Ne1 Na6 14. Nd3 Nd7 15. f4 Nac5 16. Nf2 Nf6 17. f5 h6 18. h4 Bd7 19. Bf3 Bxf5 20. exf5 e4 21. Rce1 e3 22. Qd4 exf2+ 23. Kxf2 Qd7 24. g4 Rxe1 25. Rxe1 Re8 26. Rxe8+ Nxe8 27. Qe3 Kf8 28. b3 h5 29. Kg3 hxg4 30. Bxg4 Nf6 31. h5 Qd8 32. h6 gxh6 33. Qxh6+ Ke7 34. Qg7 Nce4+ 35. Nxe4 Nxe4+ 36. Kf4 Nf6 37. Bf3 Qg8 38. Qxg8 1/2-1/2

[Event "45th Olympiad 2024"]
[Site "Budapest HUN"]
[Date "2024.09.18"]
[Round "7.44"]
[Board "2"]
[White "Smith, Shreyas"]
[Black "Annaberdiyev, Meylis"]
[Result "0-1"]
[WhiteElo "2226"]
[BlackElo "2431"]
[PlyCount "120"]
[EventDate "2024.09.11"]
[WhiteTeam "Jamaica"]
[BlackTeam "Turkmenistan"]
[WhiteTeamCountry "JAM"]
[BlackTeamCountry "TKM"]

1. e4 c5 2. c3 d5 3. exd5 Qxd5 4. d4 Nc6 5. Nf3 Bf5 6. Nbd2 ({RR} 6. Be2 cxd4 7. cxd4 Bxb1 8. Rxb1 e6 9. O-O Bd6 10. b4 Nf6 11. b5 Ne7 12. Ne5 Bxe5 13. dxe5 Qxe5 14. Ba3 Nfd5 15. Bf3 Rd8 16. Re1 Qc7 17. Rc1 Qd7 18. Qd4 f6 19. Qxa7 Kf7 20. Bxe7 Qxe7 {½-½ Gokerkan,C (2523)-Moiseenko,A (2570) World Blitz 2023 (7.37)}) 6... Qe6+ 7. Qe2 ({RR} 7. Be2 cxd4 8. Nxd4 Nxd4 9. cxd4 Bd3 10. Nf3 Bxe2 11. Qxe2 Qxe2+ 12. Kxe2 Nf6 13. b4 Nd5 14. Bd2 g6 15. a4 Bg7 16. Rhc1 Kd7 17. Rc5 e6 18. Ne5+ Ke7 19. Rac1 Rhd8 20. Rc7+ Nxc7 21. Rxc7+ Ke8 {0-1 Lednicky,M (2049)-Isanzhulov,A (2414) Paracin Prestige Open 2024 (1.4)}) 7... Qxe2+ $146 ({RR} 7... cxd4 8. Qxe6 Bxe6 9. Nxd4 Nxd4 10. cxd4 Nf6 11. Nf3 a6 12. b3 Bd5 13. Bc4 e6 14. Bg5 b5 15. Bd3 Ba3 16. Bc1 Bd6 17. O-O O-O 18. Ne5 Rfc8 19. Rd1 Bb7 20. a4 bxa4 21. Rxa4 Nd5 22. Nc4 {0-1 Boucquet,E (2157)-Verstraeten,R (2356) Flandern-ch Expert 2016 (3)}) ({RR} 7... cxd4 8. Nxd4 Nxd4 9. cxd4 Nf6 10. Nf3 Qxe2+ 11. Bxe2 Nd5 12. Ne5 a6 13. Bd2 f6 14. Nc4 e6 15. Ne3 Be4 16. O-O Nxe3 17. fxe3 Kd7 18. Bf3 Bxf3 19. gxf3 Rc8 20. Rac1 Be7 21. Kf2 f5 22. Rg1 {0-1 Osinga,A (1917)-Peek,M (2302) BEL-chT 1819 2018 (9.6)}) ({RR} 7... cxd4 8. Qxe6 Bxe6 9. Nxd4 Nxd4 10. cxd4 a6 11. Ne4 Bd5 12. Nc3 Nf6 13. Bg5 Rd8 14. Bxf6 gxf6 15. Nxd5 Rxd5 16. O-O-O Bh6+ 17. Kb1 O-O 18. Bc4 Rd7 19. d5 Rc8 20. Bb3 b5 21. g3 Rc5 22. f4 {½-½ Vandelacluze,I (1980)-Verstraeten,R (2053) BEL-ch U16 Houffalize 2011 (6)}) 8. Bxe2 cxd4 9. Nxd4 Nxd4 10. cxd4 Nf6 11. Bb5+ Bd7 12. Bxd7+ Kxd7 13. Nc4 e6 14. Ne5+ Ke8 15. Ke2 Bd6 16. Bd2 Nd5 17. Nc4 Kd7 18. Nxd6 Kxd6 19. Rac1 Rac8 20. Rxc8 Rxc8 21. Rc1 Rxc1 22. Bxc1 Ne7 23. Kd3 Kd5 24. Bd2 Nf5 25. Bc3 h5 26. g3 g5 27. b3 g4 28. Bb2 b5 29. Bc3 a6 30. a4 f6 31. axb5 axb5 32. b4 h4 33. gxh4 Nxh4 34. Ke3 Ng2+ 35. Kd2 Ke4 36. d5 exd5 37. Bxf6 d4 38. Bg5 d3 39. Kd1 Kf5 40. Bd8 Nf4 41. Kd2 Ke4 42. Bb6 Nh3 43. Ba7 Ng5 44. Kc3 Nf3 45. Bb8 Ng1 46. Ba7 Ne2+ 47. Kd2 Nd4 48. Kc3 Nc6 49. Bc5 Ne5 50. Bf8 Nc4 51. Bh6 Nb6 52. Bf8 Nd5+ 53. Kd2 Kd4 54. Bd6 Kc4 55. Bf8 Nxb4 56. f3 gxf3 57. Ke3 Nd5+ 58. Kxf3 Kc3 59. h4 d2 60. Ke2 Kc2 0-1

[Event "45th Olympiad 2024"]
[Site "Budapest HUN"]
[Date "2024.09.18"]
[Round "7.44"]
[Board "3"]
[White "Hommadov, Amanmuhammet"]
[Black "Glaves, Raheem"]
[Result "1-0"]
[WhiteElo "2181"]
[BlackElo "2094"]
[PlyCount "81"]
[EventDate "2024.09.11"]
[WhiteTeam "Turkmenistan"]
[BlackTeam "Jamaica"]
[WhiteTeamCountry "TKM"]
[BlackTeamCountry "JAM"]

1. e4 d6 2. d4 Nf6 3. Nc3 g6 4. Nf3 Bg7 5. h3 c6 6. a4 Qc7 7. Be3 O-O 8. Be2 Nbd7 9. O-O e5 10. dxe5 dxe5 11. Bc4 Nh5 12. a5 ({RR} 12. Ne2 Ndf6 13. g4 Nf4 14. Nxf4 exf4 15. Bc5 Rd8 16. Qe2 Nd7 17. Ba3 Ne5 18. Nxe5 Bxe5 19. Rad1 Bd7 20. Rd2 Be8 21. Rfd1 Kg7 22. c3 Rxd2 23. Qxd2 Bf6 24. Kg2 Rd8 25. Bd6 Qa5 26. e5 Bg5 {0-1 Fontaine,Q (2288)-Berezin,V (2307) Titled Tue 25th Apr Early 2023 (4)}) 12... Ndf6 13. Qb1 h6 14. Qa2 $146 ({RR} 14. b4 g5 15. Qb3 g4 16. hxg4 Nxg4 17. Bc5 Re8 18. Rad1 Be6 19. Bd6 Qc8 20. Nh4 Nf4 21. Nf5 Bxf5 22. Bxf7+ Kh8 23. exf5 Qxf5 24. Qc4 Rf8 25. Bxf8 Rxf8 26. Ne4 Rxf7 27. Ng3 Qf6 28. Rd8+ Bf8 {0-1 Tari,A (2659)-Andriasian,Z (2580) World Rapid 2022 (12.34)}) 14... g5 15. Bc5 Nf4 16. Rfd1 Bxh3 17. gxh3 Qc8 18. Bf1 Nxh3+ 19. Bxh3 Qxh3 20. Bxf8 Nh5 21. Rd3 Nf4 22. Ne1 Nxd3 23. cxd3 Bxf8 24. Qc4 Rd8 25. a6 b6 26. Qxc6 Bc5 27. Qf6 g4 28. Qxd8+ Kg7 29. Ng2 g3 30. Qh4 gxf2+ 31. Kf1 Qxd3+ 32. Ne2 Qd2 33. Qg3+ Kf6 34. Qc3 Qxc3 35. Nxc3 Kg5 36. Nb5 f5 37. exf5 Kxf5 38. Nxa7 Ke4 39. Nb5 Kf3 40. a7 e4 41. a8=Q 1-0

[Event "45th Olympiad 2024"]
[Site "Budapest HUN"]
[Date "2024.09.18"]
[Round "7.44"]
[Board "4"]
[White "Shaw, Jaden"]
[Black "Halynyazov, Vepaly"]
[Result "1/2-1/2"]
[WhiteElo "2051"]
[BlackElo "2049"]
[PlyCount "99"]
[EventDate "2024.09.11"]
[WhiteTeam "Jamaica"]
[BlackTeam "Turkmenistan"]
[WhiteTeamCountry "JAM"]
[BlackTeamCountry "TKM"]

1. e4 e6 2. d4 d5 3. Nd2 c5 4. exd5 Qxd5 5. Ngf3 cxd4 6. Bc4 Qd6 7. O-O Nf6 8. Nb3 Nc6 9. Nbxd4 Nxd4 10. Nxd4 a6 11. Re1 Qc7 12. Qe2 Bd6 13. Bg5 O-O 14. Bxf6 gxf6 15. Bd3 Kh8 ({RR} 15... f5 16. Qh5 Kh8 17. Re3 Rg8 18. Rae1 Bd7 19. Qxf7 Rxg2+ 20. Kf1 Rf8 21. Qxf8+ Bxf8 22. Kxg2 Bc5 23. c3 Bxd4 24. cxd4 Bc6+ 25. Kf1 Bd5 26. Rg3 h5 27. Be2 h4 28. Rh3 Qf4 29. Rd1 Qg5 30. Bf3 {0-1 So,W (2668)-Meier,G (2659) Lubbock SPICE Cup-A 2010 (4)}) 16. Bxh7 Bxh2+ 17. Kf1 $146 ({RR} 17. Kh1 Qe5 18. Be4 Bf4 19. g3 Bh6 20. Nf3 Qc5 21. Kg2 Kg7 22. Rh1 Rh8 23. Ne1 f5 24. Nd3 Qc7 25. Bf3 Rb8 26. Rh4 b6 27. Rd1 Bd7 28. Ne5 Bb5 29. c4 Be8 30. Rhd4 Bg5 31. Rd7 Bxd7 {1-0 Reshef,O (2246)-Suarez Gomez,J (2111) EU-ch U16 23rd 2013 (9)}) 17... Bf4 18. Bd3 Kg7 19. g3 e5 20. Nf5+ Bxf5 21. Bxf5 Bg5 22. Kg2 Rh8 23. Rad1 Qc6+ 24. Qe4 Qb6 25. Re2 Rad8 26. Rxd8 Rxd8 27. c3 Qb5 28. Qg4 Rh8 29. Qf3 Qa4 30. b3 Qa3 31. Rc2 Qd6 32. Qd3 Qc6+ 33. Be4 Qc7 34. Bf5 a5 35. Qd7 Qxd7 36. Bxd7 Kf8 37. Bf5 Ke7 38. Be4 b6 39. a4 Ke6 40. g4 Rd8 41. b4 axb4 42. cxb4 Rd4 43. Bf5+ Kd5 44. Rb2 Kc6 45. Kf3 Bd2 46. Rc2+ Kd6 47. Be4 Kd7 48. a5 bxa5 49. bxa5 Bxa5 50. Rc5 1/2-1/2

[Event "45th Olympiad 2024"]
[Site "Budapest HUN"]
[Date "2024.09.18"]
[Round "7.45"]
[Board "1"]
[White "Espinoza Solano, Jose Nahum"]
[Black "Zambrana, Osvaldo"]
[Result "1/2-1/2"]
[WhiteElo "2156"]
[BlackElo "2405"]
[PlyCount "99"]
[EventDate "2024.09.11"]
[WhiteTeam "Nicaragua"]
[BlackTeam "Bolivia"]
[WhiteTeamCountry "NCA"]
[BlackTeamCountry "BOL"]

1. e4 c5 2. Nf3 Nc6 3. d4 cxd4 4. Nxd4 Nf6 5. Nc3 e5 6. Ndb5 d6 7. Bg5 a6 8. Na3 b5 9. Bxf6 gxf6 10. Nd5 f5 11. exf5 Bxf5 12. c3 Bg7 13. Nc2 Be6 14. Nce3 O-O 15. g3 f5 16. Bg2 Kh8 ({RR} 16... f4 17. Nc2 Ra7 18. Be4 Raf7 19. Qd3 Bh6 20. a4 Na5 21. b4 Nb3 22. Rd1 bxa4 23. Bxh7+ Kh8 {½-½ Delchev,A (2515)-Timoshenko,G (2510) Nova Gorica op 02nd 1997 (5)}) 17. O-O Rb8 18. f4 e4 ({RR} 18... Ne7 19. Rf2 a5 20. a3 Qd7 21. Rd2 Bxd5 22. Nxd5 Nxd5 23. Rxd5 exf4 24. gxf4 b4 25. axb4 axb4 26. Rxd6 Qc7 27. Rd7 Qc5+ 28. Kh1 bxc3 29. bxc3 Qxc3 30. Raa7 Rfe8 31. Re7 Rxe7 32. Rxe7 Bf6 33. Re1 {½-½ Cubas,J (2457)-Silva,K (2215) VII SESC Caioba Open 2023 (3.9)}) 19. Qd2 $146 ({RR} 19. g4 Ne7 20. Nxe7 Qxe7 21. gxf5 Bc4 22. Rf2 d5 23. Nxc4 dxc4 24. Qd5 e3 25. Re2 Rbd8 26. Qe6 Qc5 27. Qxe3 Qxe3+ 28. Rxe3 Rxf5 29. Rf1 Bh6 30. Rh3 Rd6 31. Rh4 Rdf6 32. Be4 Rxf4 33. Rfxf4 Bxf4 {½-½ Cubas,J (2478)-Supi,L (2088) Sao Jose do Rio Preto SMEL AC 2009 (5.1)}) 19... Ne7 20. Rfd1 Nxd5 21. Nxd5 a5 22. a3 Qc8 23. Kh1 Qc5 24. Rac1 Rbe8 25. Bf1 Bg8 26. Ne3 Bb3 27. Re1 Rb8 28. Bh3 Be6 29. Rcd1 d5 30. Nc2 b4 31. axb4 axb4 32. cxb4 Qb6 33. Nd4 Qxd4 34. Qxd4 Bxd4 35. Rxd4 Rfc8 36. Bf1 Rc2 37. Re2 Rbc8 38. b5 Rxe2 39. Bxe2 Rc2 40. b4 Rxe2 41. b6 Bc8 42. Rxd5 Rc2 43. Rd8+ Kg7 44. b7 Bxb7 45. Rd7+ Kf6 46. Rxb7 e3 47. Rb6+ Kf7 48. Rb7+ Kf6 49. Rb6+ Kf7 50. Rb7+ 1/2-1/2

[Event "45th Olympiad 2024"]
[Site "Budapest HUN"]
[Date "2024.09.18"]
[Round "7.45"]
[Board "2"]
[White "Ticona Rocabado, Licael Roderick"]
[Black "Rocha, Maximiliano"]
[Result "1-0"]
[WhiteElo "2321"]
[BlackElo "2156"]
[PlyCount "69"]
[EventDate "2024.09.11"]
[WhiteTeam "Bolivia"]
[BlackTeam "Nicaragua"]
[WhiteTeamCountry "BOL"]
[BlackTeamCountry "NCA"]

1. d4 Nf6 2. c4 e6 3. Nf3 d5 4. g3 c6 5. Nbd2 Nbd7 6. Bg2 Bd6 7. O-O O-O 8. Qc2 Qe7 9. e4 dxe4 10. Nxe4 Nxe4 11. Qxe4 e5 12. dxe5 ({RR} 12. c5 Bc7 13. Bf4 Nf6 14. Qe1 e4 15. Bxc7 Qxc7 16. Nd2 Re8 17. Nc4 b6 18. Qc1 Ba6 19. Re1 Bxc4 20. Qxc4 Qd7 21. cxb6 axb6 22. Rac1 h6 23. Qxc6 Qxd4 24. Qc3 Qxc3 25. Rxc3 Rxa2 26. Rb3 Re6 {1-0 Macieja,B (2601)-Zawadzka,J (2390) Wroclaw Polonia op 4th 2009 (6)}) 12... Nxe5 13. Ng5 ({RR} 13. Bd2 Nxf3+ 14. Qxf3 Be6 15. Rfe1 Bb4 16. Bxb4 Qxb4 17. b3 a5 18. Re3 a4 19. Rae1 axb3 20. axb3 Ra3 21. Rd1 b5 22. cxb5 Bg4 23. Qxc6 Bxd1 24. Qc1 Rxb3 25. Re4 Rb1 {0-1 Ticona Rocabado,L (2360)-Montilla,J (2147) 17th American Continental 2024 (8.25)}) 13... Ng6 14. Qf3 $146 ({RR} 14. Qc2 h6 15. Ne4 Bf5 16. Re1 Rfe8 17. Bd2 Rad8 18. Qb3 Be5 19. Bb4 Qc7 20. c5 a5 21. Bc3 Bxe4 22. Rxe4 Bxc3 23. Qxc3 Rxe4 24. Bxe4 Nf8 25. Re1 Ne6 26. Bf5 Nd4 27. Qxd4 {1-0 Smyslov,V (2575)-Sehner,N (2375) Politiken Cup 08th 1986 (6)}) ({RR} 14. Qc2 Re8 15. Bd2 h6 16. Rae1 Qf8 17. Ne4 Be5 18. Be3 Bf5 19. Nf6+ Bxf6 20. Qxf5 Re5 21. Qc2 Qe7 22. Rd1 Bg5 23. Bd4 Re2 24. Qf5 Qe6 25. Qd3 Rd8 26. Qc3 c5 27. Bxc5 Rc8 28. Bd5 Qg4 {1-0 Andrade,J (2290)-Cruz,J (2074) POR-ch Almada 2008 (4)}) ({RR} 14. Qxe7 Bxe7 15. Re1 Bb4 16. Re2 Bg4 17. Bf3 Bxf3 18. Nxf3 Rfe8 19. Rxe8+ Rxe8 20. Be3 a6 21. Rd1 Ba5 22. Rd7 Re7 23. Rd3 Nf8 24. Kf1 Rd7 25. Ke2 Rxd3 26. Kxd3 f6 27. a3 Kf7 28. b4 Bc7 {½-½ Dumpor,A (2325)-Rosandic,D (2232) CRO-CupT final 2015 (2.6)}) 14... h6 15. Ne4 Be5 16. Qh5 Qe6 17. Be3 Qxc4 18. f4 Bd4 19. Bxd4 Qxd4+ 20. Kh1 Ne7 21. f5 Bxf5 22. Qe2 Bxe4 23. Bxe4 Nd5 24. Rad1 Qe3 25. Qg4 Rad8 26. Rde1 Nf6 27. Bh7+ Kh8 28. Qh3 Qg5 29. Bf5 Rd2 30. g4 Rxb2 31. Qa3 Rxh2+ 32. Kxh2 Rd8 33. Qe7 Rd2+ 34. Kg1 g6 35. Qf8+ 1-0

[Event "45th Olympiad 2024"]
[Site "Budapest HUN"]
[Date "2024.09.18"]
[Round "7.45"]
[Board "3"]
[White "Sanchez, Steven"]
[Black "Pinto, Daniel"]
[Result "0-1"]
[WhiteElo "2072"]
[BlackElo "2273"]
[PlyCount "82"]
[EventDate "2024.09.11"]
[WhiteTeam "Nicaragua"]
[BlackTeam "Bolivia"]
[WhiteTeamCountry "NCA"]
[BlackTeamCountry "BOL"]

1. Nf3 c5 2. e4 Nc6 3. Bb5 g6 4. O-O Bg7 5. Re1 Nf6 6. e5 Nd5 7. Nc3 Nc7 8. Bxc6 dxc6 9. Ne4 b6 10. d3 ({RR} 10. h3 O-O 11. d3 Bf5 12. Ng3 Be6 13. a4 Bd5 14. Nd2 Qd7 15. a5 b5 16. c3 Rad8 17. f4 Be6 18. Nge4 Na6 19. Re3 Bh6 20. Qf1 Bd5 21. Ng3 f6 22. c4 Be6 23. Ne2 Bf5 24. e6 Bxe6 {0-1 Beulen,M (2359)-Peycheva,G (2266) Titled Tue 18th Jun Late 2024 (9)}) 10... h6 ({RR} 10... Ne6 11. a4 a5 12. h3 O-O 13. Bd2 Nd4 14. Nxd4 cxd4 15. Bf4 Qd5 16. Nd2 c5 17. Nc4 Bb7 18. f3 {½-½ Anand,V (2766)-Radjabov,T (2650) Benidorm Bali rapid 2003 (10)}) 11. h3 O-O 12. Bd2 a5 $146 ({RR} 12... Be6 13. Qc1 Kh7 14. Ng3 f5 15. exf6 exf6 16. a4 a5 17. h4 Qd7 18. Ne2 Rfe8 19. Nf4 Bf7 20. Nh2 Rad8 21. Bc3 Qf5 22. Rxe8 Rxe8 23. g4 Qd7 24. Qd2 g5 25. Ng2 Nd5 26. Re1 Rxe1+ 27. Qxe1 {½-½ Stojanovic,D (2480)-Banusz,T (2612) SRB-chT Valjevo 2018 (1.4)}) 13. Qc1 Kh7 14. Ng3 Ne6 15. Re4 Rh8 16. Rh4 Qf8 17. Re4 f5 18. exf6 exf6 19. Qe1 Qf7 20. Bc3 Bd7 21. Rd1 Rhe8 22. Re3 Nf4 23. Ne4 Qf8 24. d4 c4 25. Bd2 Re6 26. Nc3 Rae8 27. Qf1 Nd5 28. Nxd5 cxd5 29. Rde1 Re4 30. Bc3 Rxe3 31. Rxe3 Rxe3 32. fxe3 Qe8 33. Qc1 h5 34. Bd2 Qe4 35. b3 Bxh3 36. bxc4 dxc4 37. Kf2 Bf5 38. Ne1 Bf8 39. Qb2 Qc6 40. d5 Qxd5 41. Bc3 Bc5 0-1

[Event "45th Olympiad 2024"]
[Site "Budapest HUN"]
[Date "2024.09.18"]
[Round "7.45"]
[Board "4"]
[White "Montevilla Cahuasa, Jonathan I."]
[Black "Ortiz, Marcos"]
[Result "1/2-1/2"]
[WhiteElo "2064"]
[BlackElo "2191"]
[PlyCount "66"]
[EventDate "2024.09.11"]
[WhiteTeam "Bolivia"]
[BlackTeam "Nicaragua"]
[WhiteTeamCountry "BOL"]
[BlackTeamCountry "NCA"]

1. e4 e6 2. d4 d5 3. Nc3 Nf6 4. Bg5 Bb4 5. e5 h6 6. exf6 hxg5 7. fxg7 Rg8 8. Bd3 Qf6 ({RR} 8... Nc6 9. Nge2 Qf6 10. a3 Bd6 11. Nb5 Bd7 12. Nxd6+ cxd6 13. c3 Rxg7 14. Qd2 O-O-O 15. Rf1 e5 16. O-O-O Rh8 17. h3 e4 18. Bb5 Kb8 19. Kb1 g4 20. Nf4 gxh3 21. gxh3 Qf5 22. Rg1 Rxg1 23. Rxg1 {½-½ Boricsev,O (2231)-Sieciechowicz,M (2388) Titled Tuesday intern op 16th Nov blitz 2021 (2)}) 9. Nf3 ({RR} 9. Nge2 Qxg7 10. Qd2 c5 11. a3 Bxc3 12. Bb5+ Bd7 13. Bxd7+ Kxd7 14. bxc3 cxd4 15. cxd4 Nc6 16. Rb1 b6 17. Qd3 Na5 18. Qb5+ Kc7 19. Qb4 Qf6 20. Nc3 Nc4 21. Nb5+ Kb7 22. c3 Rge8 23. Nd6+ Nxd6 {0-1 Leonova,A (1809)-Esaulov,A (1577) Korchnoi Mem Open 2024 (3.157)}) 9... c5 $146 ({RR} 9... Nc6 10. a3 Ba5 11. Bb5 Bd7 12. Bxc6 bxc6 13. Qd3 Bb6 14. Qh7 Qxg7 15. Qxg7 Rxg7 16. Na4 g4 17. Nxb6 cxb6 18. Ne5 c5 19. Nxd7 Kxd7 20. c3 cxd4 21. cxd4 Rc8 22. Kd2 Rc4 23. Kd3 {½-½ Chernilovskyy,O (1811)-Bosse,L (1704) Landesliga U20 Sued 1314 2013 (7.1)}) ({RR} 9... Qxg7 10. O-O g4 11. Ne5 Bd7 12. Be2 Nc6 13. Nxd7 Kxd7 14. Bb5 a6 15. Bxc6+ bxc6 16. Na4 Rh8 17. Qc1 Rxh2 18. Kxh2 Rh8+ 19. Kg1 Qh7 20. f4 g3 21. Nc5+ Bxc5 {0-1 Niemann,H (1227)-Poling,S (1734) San Francisco TNM Spring op 2013 (4)}) ({RR} 9... Nc6 10. Bb5 Bd7 11. O-O g4 12. Bxc6 gxf3 13. Bxd7+ Kxd7 14. Qxf3 Qxf3 15. gxf3 Bd6 16. Ne2 Rxg7+ 17. Ng3 Rh8 18. Kg2 f5 19. f4 Bxf4 20. Rh1 Bd6 21. Kf3 f4 22. Nf1 Rh3+ 23. Ke2 Rg4 24. Nd2 {0-1 Perez Perez,G (2223)-Castillo Rodriguez,A (2067) 88th ch-ESP 2023 (5.32)}) 10. Be2 Nc6 11. Bb5 cxd4 12. Qxd4 Qxd4 13. Nxd4 Bd7 14. O-O-O Nxd4 15. Rxd4 Bc5 16. Bxd7+ Kxd7 17. Rd3 Rxg7 18. f3 Rh8 19. Kd2 Bd6 20. h3 g4 21. fxg4 Rxg4 22. Rg1 Bh2 23. hxg4 Bxg1 24. Ne2 Bc5 25. c4 Kc6 26. cxd5+ exd5 27. Rf3 Rh7 28. Rf6+ Kd7 29. Rf5 Rg7 30. Rxd5+ Kc6 31. Rf5 Rxg4 32. Rf6+ Bd6 33. Rxf7 Rxg2 1/2-1/2